000 00528nam a2200169 4500
001 132218
003 ES-MaACL
007 t|
008 070214s1964 mx r ||||1| spa d
100 1 _aRodwin, Lloyd.
_998887
245 1 3 _aLa metrópolis del futuro /
_cLloyd Rodwin ; [versión española de Francisco Gómez Palacio].
250 _a1ª ed.
260 _aMéxico :
_bLibreros Mexicanos Unidos,
_c1964.
300 _a298 p. ;
_c19 cm.
700 1 _aGómez Palacio, Francisco.
_958094
852 _aES-MaACL
_jE-2523
_bR.58285
999 _c132218
_d132218